Medical imaging : (Record no. 132412)

MARC details
000 -LEADER
fixed length control field 00648nam a2200229 a 4500
008 - FIXED-LENGTH DATA ELEMENTS--GENERAL INFORMATION
fixed length control field
020 ## - INTERNATIONAL STANDARD BOOK NUMBER
International Standard Book Number 044307030x(pbk.)
049 ## - LOCAL HOLDINGS (OCLC)
Holding library MAIN
090 ## - LOCALLY ASSIGNED LC-TYPE CALL NUMBER (OCLC); LOCAL CALL NUMBER (RLIN)
Classification number (OCLC) (R) ; Classification number, CALL (RLIN) (NR) RC78.7.D53
Local cutter number (OCLC) ; Book number/undivided call number, CALL (RLIN) REN
003 - CONTROL NUMBER IDENTIFIER
control field
005 - DATE AND TIME OF LATEST TRANSACTION
control field 20230123124917.0
040 ## - CATALOGING SOURCE
Transcribing agency NUST
100 1# - MAIN ENTRY--PERSONAL NAME
Personal name Renton, Peter.
245 10 - TITLE STATEMENT
Title Medical imaging :
Remainder of title an illustrated colour text/
Statement of responsibility, etc. Peter Renton
260 ## - PUBLICATION, DISTRIBUTION, ETC.
Place of publication, distribution, etc. Edinburgh:
Name of publisher, distributor, etc. Elsevier,
Date of publication, distribution, etc. 2004
300 ## - PHYSICAL DESCRIPTION
Extent vii, 134p. :
Other physical details col.ill. ,
Dimensions 29cm
500 ## - GENERAL NOTE
General note Includes index.
650 ## - SUBJECT ADDED ENTRY--TOPICAL TERM
Topical term or geographic name entry element Digital Imaging
Form subdivision atlases.
650 #1 - SUBJECT ADDED ENTRY--TOPICAL TERM
Topical term or geographic name entry element Medicine
907 ## - LOCAL DATA ELEMENT G, LDG (RLIN)
a .b10257275
b 01-10-09
c 11-11-08
942 ## - ADDED ENTRY ELEMENTS (KOHA)
Koha item type Ordinary Loan Books
Call number prefix RC78.7.D53
Call number suffix REN
Holdings
Date last seen Total Checkouts Full call number Barcode Cost, replacement price Price effective from Koha item type Lost status Source of classification or shelving scheme Damaged status Not for loan Collection Withdrawn status Home library Current library Shelving location Date acquired Cost, normal purchase price
01/23/2023 47 RC78.7.D53 REN 92004010192 80.00 01/23/2023 BOOKS   LCC     NFIC   MAIN MAIN GEN 01/23/2023 80.00